| 000 | 00913nam a2200241Ia 4500 | ||
|---|---|---|---|
| 005 | 20250425162714.0 | ||
| 008 | 250425s9999 xx 000 0 und d | ||
| 041 | _aeng | ||
| 082 | _a379.1214 | ||
| 100 | _aIZQUIERDO, EDGAR E. | ||
| 245 | 0 | _aIMPACT ASSESSMENT OF AN EDUCATIONAL INTERVENTION BASED ON THE CONSTRUCTIVIST PARADIGM ON THE DEVELOPMENT OF ENTREPRENEURIAL COMPETENCIES IN UNIVERSITY STUDENTS | |
| 250 | _aS.E. | ||
| 260 |
_aBélgica _bUNIVERSITEIT GENT _c2008 |
||
| 260 | _aS.L. | ||
| 500 | _aSUBMITTED TO THE FACULTY OF ECONOMICS AND BUSINESS ADMINISTRATION IN PARTIAL FULFILLMENT OF THE REQUIREMENTS FOR THE DEGREE OF DOCTOR IN APPLIED ECONOMICS. TESIS DOCTORAL. | ||
| 650 | _aCOMPETENCIA-EMPRESA | ||
| 650 | _aEDUCACION SUPERIOR | ||
| 650 | _aTESIS Y DISERTACIONES ACADEMICAS | ||
| 650 | _aTESIS-RESUMEN ANALITICO | ||
| 710 | _aUNIVERSITEIT GENT | ||
| 942 | _c01 | ||
| 010 | _a98713 | ||
| 999 |
_c234768 _d234768 |
||